[Event "Tourn. n10232"]
[Site "www.echecsemail.com"]
[Date "2020.01.06"]
[Round "1"]
[White "Aperturaf"]
[Black "Obisporey"]
[WhiteElo "2770"]
[BlackElo "2570"]
[Result "1-0"]
[Round "1"]
1.e4 c6
2.d4 d5
3.e5 Bc8f5
4.Ng1f3 e6
5.Bf1e2 Ng8e7
6.O-O c5
7.c4 Nb8c6
8.Nb1c3 dxc4
9.dxc5 Ne7d5
10.Nc3xd5 Qd8xd5
11.Bc1e3 Bf5d3
12.b3 O-O-O
13.Ra1c1 cxb3
14.axb3 h6
15.Rc1c3 Bd3xe2
16.Qd1xe2 g5
17.b4 g4
18.Nf3d2 Qd5xe5
19.Rf1c1 Bf8g7
20.b5 Nc6d4
21.Qe2f1 Qe5h5
22.Nd2e4 Nd4f5
23.Rc3c2 Bg7e5
24.g3 Nf5d4
25.Be3xd4 Rd8xd4
26.b6 Rd4xe4
27.bxa7 Re4a4
28.c6 b6
29.Qf1b5 Ra4xa7
30.c7 Qh5f5
31.Qb5xb6 Qf5xc2
32.Rc1xc2 Ra7xc7
33.Rc2a2 Rh8d8
34.Ra2a8 { resign }
1-0

[Event "Match"]
[Site "www.echecsemail.com"]
[Date "2020.01.06"]
[Round "1"]
[White "Fereike"]
[Black "Sorim"]
[WhiteElo "1720"]
[BlackElo "2310"]
[Result "0-1"]
[Round "1"]
1.e4 e5
2.Ng1f3 Nb8c6
3.Bf1c4 Bf8c5
4.b4 Bc5xb4
5.c3 Bb4a5
6.d4 exd4
7.O-O dxc3
8.Qd1b3 Ng8h6
9.Bc1xh6 gxh6
10.Nb1xc3 Ba5xc3
11.Qb3xc3 O-O
12.Ra1d1 d6
13.e5 Bc8e6
14.Rf1e1 d5
15.Bc4b3 Qd8e7
16.Qc3d2 Ra8d8
17.Qd2xh6 f6
18.exf6 Rf8xf6
19.Qh6g5 Kh8
20.Nf3d4 Nc6xd4
21.Rd1xd4 Rd8g8
22.Qg5e5 Qe7g7
23.g3 c5
24.Rd4f4 Rf6xf4
25.Qe5xf4 Rg8f8
26.Qf4xf8 Qg7xf8
27.Re1xe6 c4
28.Bb3c2 d4
29.Bc2a4 Qf8f7
30.Re6e8 Qf7xe8
31.Ba4xe8 c3
32.Be8a4 d3
33.Kf1 c2
{ resign }
0-1

[Event "Tourn. n10253"]
[Site "www.echecsemail.com"]
[Date "2020.01.06"]
[Round "1"]
[White "Obisporey"]
[Black "D4minance"]
[WhiteElo "2580"]
[BlackElo "2880"]
[Result "0-1"]
[Round "1"]
1.e4 c5
2.Ng1f3 d6
3.d4 cxd4
4.Nf3xd4 Ng8f6
5.Nb1c3 a6
6.Bc1e3 e6
7.Bf1e2 Bf8e7
8.Qd1d2 O-O
9.O-O-O b5
10.Be2f3 b4
11.Nc3e2 Bc8b7
12.e5 Nf6d5
13.Ne2f4 Nd5xe3
14.Qd2xe3 Bb7xf3
15.gxf3 Be7g5
16.Rh1g1 Bg5h6
17.Kb1 Nb8d7
18.Nd4c6 Qd8h4
19.Rg1g4 Qh4xh2
20.exd6 e5
21.Nc6xe5 Ra8e8
22.Ne5xd7 Re8xe3
23.Nd7xf8 Re3e8
24.Nf8d7 Re8d8
25.Nf4d5 f5
26.Rg4g1 Kf7
27.Rg1h1 Qh2xd6
28.Nd5e3 Qd6c7
29.Nd7e5 Kg8
30.Rd1xd8 Qc7xd8
31.Ne3xf5 Bh6f4
32.Ne5d3 Qd8f6
33.Rh1h5 g6
34.Nf5h6 Bf4xh6
35.Rh5xh6 Qf6xf3
36.b3 a5
37.Kc1 Kg7
38.Rh6h4 h5
39.Rh4c4 Qf3f6
40.Rc4e4 h4
41.Re4e3 Qf6f5
42.Re3e7 Kf8
43.Re7e5 Qf5g4
44.Re5xa5 h3
45.Ra5a8 Kg7
46.Ra8e8 h2
47.Re8e1 Qg4g1
{ resign }
0-1

[Event "Tourn. n10259"]
[Site "www.echecsemail.com"]
[Date "2020.01.06"]
[Round "1"]
[White "Osopanda"]
[Black "Gambittiger"]
[WhiteElo "1600"]
[BlackElo "1819"]
[Result "0-1"]
[Round "1"]
1.d4 Ng8f6
2.c4 b6
3.Nb1c3 Bc8b7
4.Bc1g5 e6
5.e4 h6
6.Bg5h4 g5
7.Bh4g3 Nf6xe4
8.Nc3xe4 Bb7xe4
9.Ng1f3 Bf8g7
10.Bf1e2 d6
11.O-O O-O
12.d5 e5
13.Nf3d2 Be4g6
14.Ra1c1 f5
15.f3 Nb8d7
16.Qd1e1 a5
17.Bg3f2 { time. }
0-1

[Event "1/128 Finale"]
[Site "www.chess-mail.com"]
[Date "2020.01.06"]
[Round "1"]
[White "Picifarkinca"]
[Black "Anonyme"]
[WhiteElo "1880"]
[BlackElo "1499"]
[Result "1-0"]
[Round "1"]
1.e4 g6
2.c4 Bf8g7
3.d4 e6
4.Nb1c3 d6
5.f4 f5
6.Ng1f3 a6
7.Bc1e3 fxe4
8.Nc3xe4 Ng8f6
9.Ne4c3 O-O
10.Qd1c2 Nb8d7
11.h3 Rf8e8
12.O-O-O  { time }
1-0

[Event "Tourn. n10251"]
[Site "www.echecsemail.com"]
[Date "2020.01.07"]
[Round "1"]
[White "Tarasch"]
[Black "Galiany17"]
[WhiteElo "2210"]
[BlackElo "2630"]
[Result "0-1"]
[Round "1"]
1.d4 d5
2.c4 e6
3.Nb1c3 Ng8f6
4.Bc1g5 Bf8e7
5.e3 O-O
6.Ng1f3 Nb8d7
7.Bf1d3 dxc4
8.Bd3xc4 a6
9.O-O b5
10.Bc4d3 Bc8b7
11.Ra1c1 c5
12.dxc5 Nd7xc5
13.Bd3e2 Qd8b6
14.Qd1c2 Ra8c8
15.Qc2b1 b4
16.Nc3d1 Bb7e4
17.Qb1a1 h6
18.Bg5h4 Qb6b7
19.Bh4g3 Nc5d3
20.Be2xd3 Be4xd3
21.Rf1e1 Rc8xc1
22.Qa1xc1 Rf8c8
23.Qc1d2 Bd3b1
24.b3 Bb1e4
25.Nf3d4 Be4xg2
26.Nd1b2 Nf6e4
27.Qd2d3 Be7f6
28.Nb2c4 Bf6xd4
29.Qd3xd4 Ne4g5
{ resign }
0-1

[Event "Match"]
[Site "www.echecsemail.com"]
[Date "2020.01.07"]
[Round "1"]
[White "Coraza"]
[Black "Hundegana"]
[WhiteElo "1720"]
[BlackElo "2000"]
[Result "1-0"]
[Round "1"]
1.e4 c5
2.Bf1c4 e6
3.Ng1f3 Nb8c6
4.O-O a6
5.Nb1c3 d5
6.exd5 Nc6a5
7.Qd1e2 Na5xc4
8.Qe2xc4 b5
9.Qc4e4 Ng8f6
10.Qe4e2 Nf6xd5
11.Nf3e5 Bc8b7
12.Qe2f3 Qd8f6
13.Rf1e1 Ra8b8
14.Qf3g3 Nd5xc3
15.Ne5g4 Qf6e7
16.Qg3xb8 Qe7d8
17.Qb8xb7 Nc3d5
18.d3 Nd5b4
19.Re1e2 h5
20.Ng4e5 Bf8e7
21.a3 Nb4d5
22.Ne5c6 Qd8c7
23.Qb7xa6 O-O
24.Qa6xb5 Be7d6
25.Re2e4 Bd6xh2
26.Kf1 Bh2d6
27.Re4h4 g6
28.Bc1h6 Rf8c8
29.Ra1e1 Qc7xc6
30.Qb5c4 Kh7
31.Bh6e3 Rc8b8
32.Qc4e4 Qc6a6
33.Rh4xh5 Kg8
34.Rh5h3 Bd6e7
35.Qe4e5 Be7f6
36.Qe5xb8 Kg7
37.Qb8h8 
1-0

[Event "Match"]
[Site "www.echecsemail.com"]
[Date "2020.01.07"]
[Round "1"]
[White "Estonia"]
[Black "Apdash"]
[WhiteElo "1880"]
[BlackElo "2260"]
[Result "0-1"]
[Round "1"]
1.e4 c5
2.Ng1f3 d6
3.d4 cxd4
4.Nf3xd4 Nb8c6
5.Bf1b5 Bc8d7
6.Bb5xc6 bxc6
7.O-O c5
8.Nd4e2 Ng8f6
9.Ne2g3 g6
10.Nb1c3 Bf8g7
11.Bc1e3 O-O
12.Qd1c1 Nf6g4
13.f4 Ng4xe3
14.Rf1f3 Ne3c4
15.b3 Nc4a5
16.Ra1b1 Bd7g4
17.Rf3d3 c4
18.Rd3d5 Bg7xc3
19.f5 e6
20.fxe6 fxe6
21.Rd5d1 Bg4xd1
22.Qc1xd1 Bc3e5
23.Qd1g4 Qd8e7
24.h4 Rf8f4
25.Qg4g5 Qe7xg5
26.hxg5 Rf4g4
27.Ng3e2 Rg4xg5
28.b4 Na5c6
29.c3 d5
30.exd5 exd5
31.b5 Nc6e7
32.Ne2d4 Be5xd4
33.cxd4 Rg5g4
{ resign }
0-1

[Event "Match"]
[Site "www.echecsemail.com"]
[Date "2020.01.07"]
[Round "1"]
[White "Guidom"]
[Black "Apdash"]
[WhiteElo "2070"]
[BlackElo "2280"]
[Result "1-0"]
[Round "1"]
1.e4 e5
2.Ng1f3 Nb8c6
3.Bf1c4 Bf8c5
4.O-O Ng8f6
5.d3 O-O
6.c3 d5
7.exd5 Nf6xd5
8.b4 Bc5b6
9.b5 Nc6e7
10.Nf3xe5 Bc8e6
11.Ne5f3 c6
12.bxc6 bxc6
13.Bc4xd5 cxd5
14.d4 Ra8c8
15.Bc1a3 Rf8e8
16.Rf1e1 Ne7c6
17.Qd1d3 Nc6e7
18.Nf3e5 Ne7c6
19.Ne5xc6 Rc8xc6
20.Nb1d2 Qd8c8
21.Ra1c1 Bb6a5
22.Re1e3 Re8d8
23.Nd2b3 Ba5b6
24.Nb3c5 Be6f5
25.Qd3e2 Bb6xc5
26.Ba3xc5 a6
27.Re3e7 Bf5e6
28.Qe2e5 Rd8d7
29.Re7xd7 Qc8xd7
30.Rc1b1 f6
31.Qe5g3 Rc6c8
32.Rb1b6 Rc8a8
33.Rb6d6 Qd7f7
34.Rd6c6 Ra8c8
35.Rc6xa6 Qf7b7
36.Ra6b6 Qb7d7
37.h3 Rc8a8
38.a3 Be6f5
39.h4 h5
40.Rb6xf6 Bf5g4
41.Rf6d6 Qd7f5
42.Qg3e5 Qf5c2
43.Qe5xd5 { resign }
1-0

[Event "Tourn. n10271"]
[Site "www.echecsemail.com"]
[Date "2020.01.07"]
[Round "1"]
[White "Apdash"]
[Black "Bigrezi"]
[WhiteElo "2280"]
[BlackElo "2300"]
[Result "1-0"]
[Round "1"]
1.e4 e5
2.Ng1f3 Nb8c6
3.d4 exd4
4.Nf3xd4 Bf8c5
5.c3 Ng8f6
6.Nd4b3 Qd8e7
7.Nb3xc5 Qe7xc5
8.Bc1e3 Qc5e5
9.f3 O-O
10.Bf1e2 d5
11.Be3c5 Rf8e8
12.O-O dxe4
13.Bc5d4 Nc6xd4
14.cxd4 Qe5d5
15.Nb1c3 Qd5f5
16.fxe4 Qf5g6
17.e5 Nf6d7
18.Rf1f3 h6
19.Rf3g3 Qg6h7
20.Nc3d5 c6
21.Be2d3 g6
22.Nd5c7 Re8e7
23.Nc7xa8 Nd7f8
24.Qd1b3 Nf8e6
25.Qb3b4 Re7d7
26.Ra1f1 Rd7xd4
27.Qb4e7 Ne6f8
28.Bd3xg6 Nf8xg6
29.Qe7e8 { resign }
1-0

[Event "1/8 Finale"]
[Site "www.chess-mail.com"]
[Date "2020.01.07"]
[Round "1"]
[White "Buchauer"]
[Black "Chessington"]
[WhiteElo "2800"]
[BlackElo "2830"]
[Result "1-0"]
[Round "1"]
1.d4 e6
2.e4 d5
3.Nb1c3 Ng8f6
4.e5 Nf6d7
5.f4 c5
6.Ng1f3 Nb8c6
7.Bc1e3 a6
8.Qd1d2 b5
9.a3 Qd8a5
10.dxc5 Bf8xc5
11.Be3xc5 Nd7xc5
12.Nf3d4 Qa5b6
13.Nd4xc6 Qb6xc6
14.Nc3e2 O-O
15.Ne2d4 { resign }
1-0

[Event "1/8 Finale"]
[Site "www.chess-mail.com"]
[Date "2020.01.07"]
[Round "1"]
[White "Virgil08bv"]
[Black "Chessington"]
[WhiteElo "2720"]
[BlackElo "2830"]
[Result "1-0"]
[Round "1"]
1.e4 e6
2.d4 d5
3.Nb1d2 Bf8e7
4.Bf1d3 c5
5.dxc5 Ng8f6
6.Qd1e2 O-O
7.Ng1f3 Nb8c6
8.e5 Nf6d7
9.Nd2b3 a5
10.a4 Qd8c7
11.Bc1f4 Nd7xc5
12.Nb3xc5 Be7xc5
13.Bd3xh7 Kxh7
14.Nf3g5 Kg8
15.Qe2h5 Rf8e8
16.O-O b6
17.c4 { resign }
1-0

[Event "Tourn. n10150"]
[Site "www.echecsemail.com"]
[Date "2020.01.08"]
[Round "1"]
[White "Jaroslavpech"]
[Black "Gvladutz"]
[WhiteElo "2680"]
[BlackElo "2480"]
[Result "1-0"]
[Round "1"]
1.d4 d5
2.c4 dxc4
3.Ng1f3 Ng8f6
4.Nb1c3 c6
5.a4 Bc8f5
6.e3 e6
7.Bf1xc4 Bf8b4
8.O-O Nb8d7
9.Qd1e2 Bf5g6
10.e4 O-O
11.Bc4d3 h6
12.Bc1f4 Rf8e8
13.Rf1d1 Bg6h5
14.e5 Nf6d5
15.Bf4d2 Qd8a5
16.h3 Nd5xc3
17.bxc3 Bb4xc3
18.Bd2xc3 Qa5xc3
19.a5 c5
20.Qe2e3 cxd4
21.Nf3xd4 Qc3c5
22.Rd1b1 Qc5xe5
23.Bd3e4 Bh5g6
24.Be4xg6 Qe5xe3
25.fxe3 fxg6
26.Rb1xb7 Nd7c5
27.Rb7b5 Nc5e4
28.Ra1c1 Ne4d6
29.Rb5e5 Kf7
30.Nd4c6 a6
31.Rc1f1 Kg8
32.Rf1d1 Nd6b5
33.Rd1d7 Kf8
34.h4 Ra8c8
35.Re5c5 Rc8c7
36.Rd7xc7 Nb5xc7
37.e4 Nc7b5
38.Nc6b4 Re8a8
39.Nb4xa6 Ra8xa6
40.Rc5xb5 Ke7
41.Kf2 Kd6
42.Ke3 Kc6
43.Rb5e5 Kb7
44.Re5c5 Ra6d6
45.Kf4 Rd6d2
46.g4 Rd2d1
47.Ke5 Rd1e1
48.Rc5b5 Ka7
49.Rb5b6 Re1g1
50.Kxe6 Rg1xg4
51.e5 Rg4a4
52.Kd6 Ra4xa5
53.Rb6c6 Ra5a4
54.Kd7 Ra4d4
55.Rc6d6 Rd4xh4
56.e6 Rh4e4
57.e7 g5
58.e8Q Re4xe8
59.Kxe8 g4
60.Kf7 h5
61.Rd6g6 Kb7
62.Kxg7 { resign }
1-0

[Event "Tourn. n10272"]
[Site "www.echecsemail.com"]
[Date "2020.01.08"]
[Round "1"]
[White "Roque1"]
[Black "Johnmcbride"]
[WhiteElo "1850"]
[BlackElo "1780"]
[Result "0-1"]
[Round "1"]
1.e4 e5
2.Ng1f3 d6
3.Bf1e2 c5
4.O-O h6
5.Nb1c3 Ng8f6
6.d3 a6
7.Bc1e3 b5
8.a4 b4
9.Nc3a2 { time. }
0-1

[Event "Tourn. n10273"]
[Site "www.echecsemail.com"]
[Date "2020.01.08"]
[Round "1"]
[White "Szustan"]
[Black "D4minance"]
[WhiteElo "2660"]
[BlackElo "2890"]
[Result "1/2-1/2"]
[Round "1"]
1.e4 c5
2.c3 d5
3.exd5 Qd8xd5
4.Ng1f3 g6
5.d4 Bf8g7
6.Bf1e2 Ng8f6
7.O-O O-O
8.Rf1e1 Nb8c6
9.c4 Qd5d6
10.d5 Nc6d4
11.Nf3xd4 cxd4
12.Nb1a3 Bc8d7
13.Na3c2 Qd6b6
14.Be2f3 e5
15.dxe6 Bd7xe6
16.Qd1xd4 Qb6a6
17.Bc1g5 Nf6d7
18.Qd4h4 Qa6xc4
19.Qh4xc4 Be6xc4
20.Nc2e3 Bc4a6
21.Ra1d1 Nd7e5
22.Bf3e2 Ba6xe2
23.Re1xe2 Rf8e8
24.Re2d2 f6
25.Bg5f4 Ne5c6
26.g4 Re8e4
27.Bf4g3 Ra8f8
28.b3 Bg7h6
29.Rd2d7 Bh6xe3
30.fxe3 Rf8f7
31.Kf2 Rf7xd7
32.Rd1xd7 Re4e7
33.Rd7d1 Kf7
34.Kf3 Re7e8
35.Rd1d7 Re8e7
36.Rd7d1 b6
37.a4 Nc6e5
38.Bg3xe5 Re7xe5
39.Rd1d7 Re5e7
40.Rd7xe7 Kxe7
41.b4 Kd6
42.Kf4 { draw }
1/2-1/2

[Event "Match"]
[Site "www.echecsemail.com"]
[Date "2020.01.08"]
[Round "1"]
[White "Mb20"]
[Black "Chapi"]
[WhiteElo "1809"]
[BlackElo "2100"]
[Result "1-0"]
[Round "1"]
1.d4 d5
2.c4 c6
3.Ng1f3 Ng8f6
4.e3 Bc8g4
5.Qd1b3 Qd8c7
6.Nf3e5 Bg4f5
7.Bf1d3 Bf5xd3
8.Qb3xd3 e6
9.O-O Bf8d6
10.f4 Nb8d7
11.Nb1d2 c5
12.Nd2f3 cxd4
13.exd4 O-O
14.c5 Nd7xc5
15.dxc5 Bd6xc5
16.Bc1e3 Nf6e4
17.Ra1c1 Qc7b6
18.Be3xc5 Ne4xc5
19.Qd3e2 Nc5d3
20.Kh1 Nd3xc1
21.Rf1xc1 Qb6d6
22.Qe2c2 f6
23.Ne5d3 Rf8f7
24.Qc2e2 Ra8e8
25.Qe2c2 h6
26.h3 g5
27.fxg5 hxg5
28.Nd3f2 Rf7h7
29.Nf2g4 Re8f8
30.Qc2g6 Kh8
31.Ng4xf6 Qd6e7
32.Nf6xh7 Qe7xh7
33.Qg6xh7 Kxh7
34.Nf3xg5 Kg6
35.Ng5xe6 Rf8f2
36.Rc1b1 Kf5
37.Kg1 Rf2d2
38.Ne6d8 b6
39.Nd8c6 a6
40.Nc6b4 a5
41.Nb4c6 Rd2c2
42.Nc6d4 { resign }
1-0

[Event "Match"]
[Site "www.echecsemail.com"]
[Date "2020.01.08"]
[Round "1"]
[White "Koudelka"]
[Black "Fantomas"]
[WhiteElo "1809"]
[BlackElo "2210"]
[Result "1-0"]
[Round "1"]
1.e4 e5
2.Ng1f3 Nb8c6
3.Bf1c4 d6
4.d4 exd4
5.Nf3xd4 Bc8d7
6.O-O Qd8f6
7.Nd4xc6 Bd7xc6
8.Nb1c3 Ng8e7
9.Bc1e3 g6
10.Be3d4 { resign }
1-0

[Event "Tourn. n10270"]
[Site "www.echecsemail.com"]
[Date "2020.01.08"]
[Round "1"]
[White "Roque1"]
[Black "Malbertan"]
[WhiteElo "1850"]
[BlackElo "2070"]
[Result "0-1"]
[Round "1"]
1.e4 d6
2.d4 Ng8f6
3.Nb1c3 g6
4.Ng1f3 Bf8g7
5.Bf1d3 O-O
6.O-O Bc8g4
7.Bc1e3 Nb8d7
8.Qd1d2 { time. }
0-1

[Event "Tourn. n10286"]
[Site "www.echecsemail.com"]
[Date "2020.01.08"]
[Round "1"]
[White "Fantomas"]
[Black "Apdash"]
[WhiteElo "2230"]
[BlackElo "2260"]
[Result "1/2-1/2"]
[Round "1"]
1.e4 e5
2.Ng1f3 Nb8c6
3.Bf1b5 Ng8e7
4.O-O a6
5.Bb5a4 d6
6.c3 Bc8g4
7.d3 Qd8d7
8.Bc1e3 f5
9.Be3c1 fxe4
10.dxe4 Ne7g6
11.Qd1d3 Bf8e7
12.Kh1 O-O
13.Nf3g1 Kh8
14.Ba4d1 Ng6f4
{ draw }
1/2-1/2

[Event "Tourn. n10258"]
[Site "www.echecsemail.com"]
[Date "2020.01.08"]
[Round "1"]
[White "Rons"]
[Black "Galiany17"]
[WhiteElo "2580"]
[BlackElo "2570"]
[Result "1-0"]
[Round "1"]
1.e4 e5
2.Ng1f3 Ng8f6
3.Nf3xe5 d6
4.Ne5f3 Nf6xe4
5.Nb1c3 Ne4xc3
6.dxc3 Bf8e7
7.Bc1e3 Nb8c6
8.Bf1c4 O-O
9.Qd1d2 Nc6a5
10.Bc4d3 Bc8g4
11.h3 Bg4e6
12.Nf3d4 Be6d5
13.b3 Na5c6
14.O-O Be7f6
15.Ra1e1 Rf8e8
16.Bd3b5 a6
17.Nd4xc6 Bd5xc6
18.Bb5xc6 bxc6
19.Be3d4 Re8e6
20.Qd2d3 c5
21.Re1xe6 fxe6
22.Bd4xf6 Qd8xf6
23.Rf1e1 Ra8f8
24.Re1e2 g6
25.Qd3c4 Kg7
26.f3 e5
27.Qc4xa6 Qf6g5
28.Kf2 Qg5h4
29.Kf1 Qh4g5
30.Re2e1 Qg5f5
31.Qa6c6 Rf8f7
32.Qc6e4 Qf5xe4
33.Re1xe4 Kf6
34.Re4a4 Ke6
35.Ra4a8 Kd5
36.Ke1 e4
37.fxe4 Kxe4
38.a4 Kd5
39.Ra8e8 Kc6
40.Re8b8 Rf7e7
41.Kd2 Re7f7
42.c4 Rf7f1
43.Kc3 Rf1b1
44.g4 g5
45.Rb8h8 { resign }
1-0

[Event "Tourn. n10268"]
[Site "www.echecsemail.com"]
[Date "2020.01.08"]
[Round "1"]
[White "Coraza"]
[Black "Roque1"]
[WhiteElo "1740"]
[BlackElo "1850"]
[Result "1-0"]
[Round "1"]
1.e4 c5
2.Ng1f3 e6
3.Nb1c3 Nb8c6
4.Bf1b5 g6
5.O-O Bf8g7
6.Rf1e1 Ng8e7
7.d3 O-O
8.Nf3g5 Nc6d4
9.Bb5c4 d5
10.exd5 exd5
11.Bc4b3 c4
{ time. }
1-0

[Event "Tourn. n10258"]
[Site "www.echecsemail.com"]
[Date "2020.01.08"]
[Round "1"]
[White "D4minance"]
[Black "Rons"]
[WhiteElo "2890"]
[BlackElo "2580"]
[Result "1/2-1/2"]
[Round "1"]
1.d4 Ng8f6
2.c4 g6
3.f3 d5
4.cxd5 Nf6xd5
5.e4 Nd5b6
6.Nb1c3 Bf8g7
7.Bc1e3 O-O
8.Qd1d2 e5
9.d5 c6
10.Ra1d1 cxd5
11.exd5 Rf8e8
12.Bf1b5 Bc8d7
13.Bb5e2 Nb8a6
14.h4 e4
15.h5 Bg7xc3
16.bxc3 Bd7a4
17.hxg6 fxg6
18.d6 exf3
19.Be3xb6 Qd8xb6
20.Qd2d5 Kh8
21.gxf3 Na6b4
22.cxb4 Ba4xd1
23.Qd5xd1 Ra8d8
24.Qd1a1 Kg8
25.Kf1 Qb6xb4
26.a3 Qb4c5
27.Rh1h4 h5
28.Qa1a2 Kh7
29.Qa2f7 Kh6
30.Rh4c4 Qc5f5
31.Qf7xb7 Rd8xd6
32.Rc4c7 Re8xe2
33.Ng1xe2 Qf5h3
34.Kg1 Rd6d1
35.Kf2 Qh3h2
36.Ke3 Qh2e5
37.Kf2 Qe5h2
38.Ke3 { draw }
1/2-1/2

[Event "Tourn. n10276"]
[Site "www.echecsemail.com"]
[Date "2020.01.08"]
[Round "1"]
[White "Aders1"]
[Black "Apdash"]
[WhiteElo "2259"]
[BlackElo "2220"]
[Result "1/2-1/2"]
[Round "1"]
1.Ng1f3 Ng8f6
2.g3 d5
3.Bf1g2 c5
4.O-O Nb8c6
5.d3 e5
6.Nb1a3 a6
7.e4 Bc8g4
8.exd5 Nf6xd5
9.h3 Bg4e6
10.Na3c4 b5
11.Nc4xe5 Nc6xe5
12.Nf3xe5 Bf8e7
13.b3 Be7f6
14.Bc1b2 Qd8d6
15.Qd1e2 Ra8d8
16.Ra1d1 O-O
17.c4 Nd5e7
18.Ne5f3 Bf6xb2
19.Qe2xb2 Ne7f5
20.Qb2e5 Qd6xe5
21.Nf3xe5 Rd8d6
22.Bg2e4 Nf5d4
23.Kg2 f6
24.Ne5f3 Rf8d8
25.Rf1e1 Kf7
26.Be4xh7 Nd4xf3
27.Kxf3 g6
28.h4 Rd8h8
29.Bh7xg6 Kxg6
30.Re1e3 Rh8d8
31.Ke2 Kf7
32.Kd2 Be6g4
33.f3 Bg4f5
34.Kc3 b4
35.Kc2 a5
36.g4 Bf5h7
37.f4 Rd6d4
38.Re3f3 a4
39.g5 axb3
40.axb3 Bh7f5
41.Rd1d2 Bf5g4
42.Rf3f2 Kg6
43.Rf2f1 Bg4f5
44.Rf1f3 { draw }
1/2-1/2

[Event "Match"]
[Site "www.echecsemail.com"]
[Date "2020.01.08"]
[Round "1"]
[White "Apdash"]
[Black "Geodad5"]
[WhiteElo "2280"]
[BlackElo "2040"]
[Result "0-1"]
[Round "1"]
1.e4 c5
2.Ng1f3 d6
3.d4 cxd4
4.Nf3xd4 Nb8c6
5.Nb1c3 g6
6.Bf1b5 Bc8d7
7.Bc1e3 Bf8g7
8.O-O Ng8f6
9.f3 O-O
10.Nc3d5 Nc6xd4
11.Bb5xd7 Nd4xc2
12.Qd1xc2 Qd8xd7
13.Qc2d2 b6
14.Ra1c1 Ra8c8
15.Be3g5 Nf6xd5
16.exd5 e5
17.Rc1c3 Rc8xc3
18.bxc3 f6
19.Bg5e3 Rf8c8
20.Rf1c1 Rc8c4
21.Qd2d3 Qd7c7
22.g3 f5
23.Qd3d2 e4
24.fxe4 fxe4
25.Be3f4 Bg7xc3
26.Rc1xc3 Rc4xc3
27.h4 Qc7c5
28.Kf1 Rc3f3
29.Kg2 e3
30.Bf4xe3 Qc5xe3
{ resign }
0-1

[Event "Tourn. n10255"]
[Site "www.echecsemail.com"]
[Date "2020.01.08"]
[Round "1"]
[White "Apdash"]
[Black "Jesmantiz"]
[WhiteElo "2220"]
[BlackElo "2150"]
[Result "1-0"]
[Round "1"]
1.e4 g6
2.d4 d6
3.Ng1f3 Bf8g7
4.Bf1c4 c6
5.c3 h6
6.O-O b5
7.Bc4b3 e6
8.Bc1f4 Ng8e7
9.a4 O-O
10.axb5 cxb5
11.Qd1e2 a6
12.Nb1a3 Bc8b7
13.Rf1d1 Kh8
14.Qe2e3 Qd8b6
15.Bf4xh6 Ne7g8
16.Bh6xg7 Kxg7
17.Nf3g5 Nb8d7
18.Qe3h3 Ng8h6
19.Bb3xe6 fxe6
20.Ng5xe6 Kh7
21.Ne6g5 Kg7
22.Qh3xd7 Nh6f7
23.Ng5e6 Kg8
24.Ne6xf8 Ra8xf8
25.Rd1e1 Nf7g5
26.f3 Ng5f7
27.Qd7g4 Kg7
28.Na3c2 Nf7e5
29.Qg4e6 Ne5d3
30.Re1b1 Rf8f7
31.Nc2e1 Nd3f4
32.Qe6g4 Nf4h5
33.Ne1d3 a5
34.Nd3f2 Qb6d8
35.Nf2h3 Bb7c8
36.Qg4g5 Nh5f6
37.e5 dxe5
38.Nh3f2 Bc8f5
39.Rb1d1 Qd8b6
40.dxe5 Nf6h7
41.Qg5d2 a4
42.Qd2d4 Qb6e6
43.Nf2d3 Kg8
44.Nd3f4 Qe6b3
45.e6 Bf5xe6
46.Nf4xe6 Qb3xe6
47.Rd1e1 Qe6c6
48.Re1e5 Nh7f8
49.Ra1e1 Rf7d7
50.Qd4e3 Rd7h7
51.Re5e8 Qc6d6
52.Qe3e6 Qd6xe6
53.Re1xe6 Rh7d7
54.Re6e2 Kf7
55.Re8b8 Rd7d5
56.g4 g5
57.Kf2 Nf8g6
58.Rb8b7 Kf6
59.Kg3 Ng6f4
60.Rb7b6 Kf7
61.Re2c2 Rd5d1
62.h4 Nf4e6
63.hxg5 Rd1d5
64.g6 Ke7
65.Rc2e2 Rd5d6
66.Rb6xb5 Kf6
67.Rb5e5 Ne6f8
68.Re5a5 Nf8xg6
69.Ra5xa4  { time }
1-0

[Event "Fast Game"]
[Site "www.echecsemail.com"]
[Date "2020.01.08"]
[Round "1"]
[White "Apdash"]
[Black "Stevep84"]
[WhiteElo "1990"]
[BlackElo "1910"]
[Result "1-0"]
[Round "1"]
1.e4 c6
2.d4 d5
3.Nb1c3 dxe4
4.Nc3xe4 Bc8f5
5.Ne4g3 Bf5g6
6.Ng1f3 Nb8d7
7.Bf1c4 e6
8.Bc4b3 Ng8f6
9.Bc1g5 h6
10.Bg5h4 Bf8d6
11.Qd1e2 Qd8c7
12.O-O O-O-O
13.c4 Bg6h7
14.Bh4xf6 Nd7xf6
15.d5 Bd6xg3
16.fxg3 exd5
17.cxd5 Nf6xd5
18.Ra1c1 Nd5f6
19.Rc1c3 Rh8e8
20.Qe2c4 Nf6e4
21.Rc3c2 Ne4d6
22.Qc4g4 Bh7f5
23.Qg4xg7 Bf5xc2
24.Bb3xc2 Qc7a5
25.Bc2b3 Re8g8
26.Qg7xh6 Rg8h8
27.Qh6g7 Qa5c5
28.Qg7d4 Qc5xd4
29.Nf3xd4 Nd6e4
30.Nd4f3 f6
31.Rf1e1 Rd8e8
32.Bb3f7 Re8f8
33.Bf7e6 Kb8
34.Re1xe4 Rf8e8
35.Be6f5 Re8d8
36.Re4d4 Rd8e8
37.Kf2 Kc7
38.Rd4d7 Kb6
39.h4 c5
40.Rd7d6 Kc7
41.Rd6xf6 Re8e7
42.Rf6e6 Re7f7
43.g4 { resign }
1-0

[Event "Tourn. n10279"]
[Site "www.echecsemail.com"]
[Date "2020.01.09"]
[Round "1"]
[White "Fantomas"]
[Black "Argento"]
[WhiteElo "2230"]
[BlackElo "2290"]
[Result "1-0"]
[Round "1"]
1.e4 e5
2.Ng1f3 Nb8c6
3.Bf1b5 a6
4.Bb5a4 Ng8f6
5.d3 b5
6.Ba4b3 Bf8e7
7.c3 { resign }
1-0

[Event "Tourn. n10245"]
[Site "www.echecsemail.com"]
[Date "2020.01.09"]
[Round "1"]
[White "Cal"]
[Black "Jackbauer"]
[WhiteElo "1770"]
[BlackElo "1850"]
[Result "0-1"]
[Round "1"]
1.c4 e5
2.e4 Bf8c5
3.Nb1c3 Ng8f6
4.h3 Nb8c6
5.d3 h6
6.Ng1f3 d6
7.Bf1e2 O-O
8.a3 b6
9.Nc3d5 Nf6xd5
10.cxd5 Nc6e7
11.O-O f5
12.Nf3h4 f4
13.Bc1d2 Bc8xh3
14.gxh3 Kh8
15.Nh4f5 Ne7g6
16.Be2h5 Ng6h4
17.Qd1g4 Nh4xf5
18.exf5 Rf8f6
19.Bh5g6 a5
20.Kh2 b5
21.b3 Bc5d4
22.Ra1b1 Ra8a6
23.f3 c6
24.dxc6 Ra6xc6
25.h4 Bd4c3
26.Rb1c1 b4
27.Qg4g2 d5
28.axb4 axb4
29.h5 d4
30.Rf1e1 Qd8c7
31.Bg6e8 Rc6c5
32.Bd2xc3 dxc3
33.Re1e4 Rc5d5
34.Re4xb4 Rd5xd3
35.Rb4c4 Qc7d8
36.Be8g6 Rd3d2
37.Rc4xc3 Rd2xg2
38.Kxg2 Qd8d2
39.Kh3 Rf6d6
40.Rc3c8 Rd6d8
41.Rc1c7 Qd2d6
42.Rc7c4 Rd8f8
43.Rc8c6 Qd6d1
44.Rc4c3 Qd1h1
45.Kg4 Qh1g2
46.Kh4 Qg2g3

0-1

[Event "Match"]
[Site "www.echecsemail.com"]
[Date "2020.01.09"]
[Round "1"]
[White "Gilliere"]
[Black "Guidom"]
[WhiteElo "2080"]
[BlackElo "2060"]
[Result "0-1"]
[Round "1"]
1.e4 e5
2.Ng1f3 Nb8c6
3.Bf1b5 a6
4.Bb5a4 Ng8f6
5.O-O b5
6.Ba4b3 Bf8e7
7.Rf1e1 d6
8.c3 Bc8g4
9.h3 Bg4h5
10.d3 O-O
11.Nb1d2 Ra8b8
12.g4 Bh5g6
13.Bb3c2 d5
14.exd5 Qd8xd5
15.Bc2b3 Qd5d6
16.d4 exd4
17.cxd4 Rf8e8
18.Nd2f1 Be7f8
19.Re1xe8 Rb8xe8
20.Bc1e3 Bg6e4
21.Nf1h2 Re8d8
22.a3 h6
23.Bb3a2 Be4d5
24.Ba2xd5 Qd6xd5
25.Ra1c1 a5
26.Qd1c2 Rd8d6
27.Rc1d1 b4
28.axb4 axb4
29.b3 Nc6a5
30.Nf3d2 Rd6c6
31.Qc2b2 Rc6c3
32.Rd1b1 Bf8d6
33.Nh2f3 Nf6e4
34.Nd2xe4 Qd5xe4
35.Nf3d2 Qe4d3
36.Kg2 Rc3c2
37.Qb2a1 Na5c6
38.Qa1a8 Kh7
39.Nd2c4 Nc6xd4
40.Nc4xd6 cxd6
41.Qa8d5 Qd3xe3
42.Qd5xf7 Qe3e4
43.Kg3 Rc2c3
44.Kh4 Qe4xb1
{ resign }
0-1

[Event "Tourn. n10243"]
[Site "www.echecsemail.com"]
[Date "2020.01.09"]
[Round "1"]
[White "Fegatux"]
[Black "Jazzy"]
[WhiteElo "2230"]
[BlackElo "2310"]
[Result "1-0"]
[Round "1"]
1.e4 b6
2.d4 Bc8b7
3.Nb1c3 e6
4.Ng1f3 Bf8b4
5.Bf1d3 Ng8f6
6.Bc1g5 d6
7.O-O Nb8d7
8.Nc3e2 d5
9.e5 h6
10.Bg5h4 g5
11.Bh4g3 Nf6e4
12.c3 Bb4e7
13.Nf3e1 g4
14.Ne1c2 Be7g5
15.Bd3xe4 dxe4
16.Nc2e3 Bg5xe3
17.fxe3 Qd8e7
18.c4 O-O-O
19.Qd1a4 Kb8
20.b4 h5
21.Bg3f4 h4
22.c5 c6
23.Ne2c3 b5
24.Qa4b3 Ka8
25.a4 Nd7f8
26.Nc3xe4 Nf8g6
27.Bf4g5 Qe7d7
28.Ne4d6 Rd8f8
29.Ra1a2 Ng6e7
30.Qb3a3 a6
31.axb5 cxb5
32.Nd6xb7 { resign }
1-0

[Event "Tourn. n10233"]
[Site "www.echecsemail.com"]
[Date "2020.01.09"]
[Round "1"]
[White "Picifarkinca"]
[Black "Cal"]
[WhiteElo "1750"]
[BlackElo "1740"]
[Result "1-0"]
[Round "1"]
1.e4 e5
2.Ng1f3 d6
3.d4 Bc8g4
4.dxe5 Nb8c6
5.exd6 cxd6
6.Bf1e2 Bf8e7
7.O-O Bg4xf3
8.Be2xf3 h6
9.Rf1e1 Ng8f6
10.Nb1c3 O-O
11.Nc3d5 Nc6e5
12.c3 Nf6h7
13.Nd5xe7 Qd8xe7
14.Bf3e2 a6
15.f4 Ne5g6
16.Be2f3 Ra8d8
17.g3 b5
18.Bc1e3 Qe7f6
19.Be3d4 Qf6e7
20.Qd1b3 Kh8
21.Ra1d1 Qe7d7
22.e5 d5
23.Bd4c5 Rf8e8
24.Bc5d6 Re8e6
25.f5 Re6xd6
26.exd6 Ng6f8
27.Qb3xd5 Nh7f6
28.Qd5d3 a5
29.Re1e7 Qd7c8
30.Qd3xb5 Nf6d7
31.Re7xf7 Qc8c5
32.Qb5xc5 Nd7xc5
33.b4 axb4
34.cxb4 Nc5a4
35.Rd1d3 Nf8h7
36.Bf3c6 Na4b2
37.Rd3d4 Nh7f6
38.b5 Kg8
39.Rf7xf6 gxf6
40.d7 Kf7
41.b6 h5
42.h4 Ke7
43.b7 Rd8g8
44.d8Q Kf7
45.Rd4d7 
1-0